<?xml version="1.0" encoding="UTF-8"?>
<collection xmlns="http://www.loc.gov/MARC21/slim">
    <record>
        <controlfield tag="001">47427</controlfield>
        <controlfield tag="005">20190219123633.0</controlfield>
        <datafield tag="020" ind1=" " ind2=" ">
            <subfield code="a">978-84-608-9673-9</subfield>
        </datafield>
        <datafield tag="037" ind1=" " ind2=" ">
            <subfield code="a">TESIS-2016-035</subfield>
        </datafield>
        <datafield tag="041" ind1=" " ind2=" ">
            <subfield code="a">spa</subfield>
        </datafield>
        <datafield tag="080" ind1=" " ind2=" ">
            <subfield code="a">617.5</subfield>
        </datafield>
        <datafield tag="100" ind1="1" ind2=" ">
            <subfield code="a">Simón Sanz, María Victoria</subfield>
        </datafield>
        <datafield tag="245" ind1="0" ind2="0">
            <subfield code="a">Análisis de los factores que influyen en la viabilidad y complicaciones del colgajo antebraquial radial en cirugía oncológica cervicofacial</subfield>
        </datafield>
        <datafield tag="260" ind1=" " ind2=" ">
            <subfield code="a">Zaragoza</subfield>
            <subfield code="b">Universidad de Zaragoza, Prensas de la Universidad</subfield>
            <subfield code="c">2015</subfield>
        </datafield>
        <datafield tag="300" ind1=" " ind2=" ">
            <subfield code="a">279</subfield>
        </datafield>
        <datafield tag="490" ind1="0" ind2=" ">
            <subfield code="a">Tesis de la Universidad de Zaragoza</subfield>
            <subfield code="v">2016-35</subfield>
            <subfield code="x">2254-7606</subfield>
        </datafield>
        <datafield tag="500" ind1=" " ind2=" ">
            <subfield code="a">Presentado:  11 12 2015</subfield>
        </datafield>
        <datafield tag="502" ind1=" " ind2=" ">
            <subfield code="a">Tesis-Univ. Zaragoza, Cirugía, Ginecología y Obstetricia, 2015</subfield>
            <subfield code="b">Zaragoza, Universidad de Zaragoza</subfield>
            <subfield code="c">2015</subfield>
        </datafield>
        <datafield tag="506" ind1=" " ind2=" ">
            <subfield code="a">by-nc-nd</subfield>
            <subfield code="b">Creative Commons</subfield>
            <subfield code="c">3.0</subfield>
            <subfield code="u">https://creativecommons.org/licenses/by-nc-nd/3.0/</subfield>
        </datafield>
        <datafield tag="520" ind1=" " ind2=" ">
            <subfield code="a">La cirugía oncológica del área cervicofacial, supone un porcentaje elevado de los pacientes de un Servicio de Cirugía Oral y Maxilofacial, constituyendo su tratamiento una causa importante de alteración en la estética  y funcionalidad del paciente.  La realización de una reconstrucción mediante un colgajo microvascularizado, nos permite devolver al paciente de una manera óptima a su situación previa, así como reconstruir defectos, que de otra manera, podrían resultar inoperables. En esta tesis doctoral, se evalúan los factores de riesgo prequirúrgicos y los factores del manejo perioperatorio de aquellos pacientes intervenidos por motivos oncológicos en el Servicio de Cirugía Oral y Maxilofacial del Hospital Miguel Servet, a los cuales, se les realizó una reconstrucción mediante un colgajo microvascularizado antebraquial radial, analizando si los factores de riesgo antes descritos influyen el la viabilidad del colgajo y en la aparición de complicaciones tanto locales, en el área donante y receptora, como complicaciones sistémicas. Tras la realización de nuestro estudio, analizando estadísticamente nuestros resultados, y tras ser evaluados los resultados de otros autores, podemos llegar a la conclusión de que existen una serie de factores de influyen, tanto de manera positiva como negativa en la viabilidad y en la aparición de complicaciones.</subfield>
        </datafield>
        <datafield tag="653" ind1="1" ind2=" ">
            <subfield code="a">cirugía plástica</subfield>
        </datafield>
        <datafield tag="653" ind1="1" ind2=" ">
            <subfield code="a">cirugía maxilofacial</subfield>
        </datafield>
        <datafield tag="700" ind1=" " ind2=" ">
            <subfield code="a">Vallés Varela, Héctor</subfield>
            <subfield code="e">dir.</subfield>
        </datafield>
        <datafield tag="700" ind1=" " ind2=" ">
            <subfield code="a">Adiego Leza, María Isabel</subfield>
            <subfield code="e">dir.</subfield>
        </datafield>
        <datafield tag="710" ind1="2" ind2=" ">
            <subfield code="a">Universidad de Zaragoza</subfield>
            <subfield code="b">Cirugía, Ginecología y Obstetricia</subfield>
        </datafield>
        <datafield tag="856" ind1="0" ind2=" ">
            <subfield code="f">chperez@unizar.es</subfield>
        </datafield>
        <datafield tag="856" ind1="4" ind2=" ">
            <subfield code="s">37264530</subfield>
            <subfield code="u">http://zaguan.unizar.es/record/47427/files/TESIS-2016-035.pdf</subfield>
            <subfield code="z">Texto completo (spa)</subfield>
        </datafield>
        <datafield tag="909" ind1="C" ind2="O">
            <subfield code="o">oai:zaguan.unizar.es:47427</subfield>
            <subfield code="p">driver</subfield>
        </datafield>
        <datafield tag="909" ind1="c" ind2="o">
            <subfield code="p">tesis</subfield>
        </datafield>
        <datafield tag="910" ind1="2" ind2=" ">
            <subfield code="a">Cirugía</subfield>
            <subfield code="b">Cirugía, Ginecología y Obstetricia</subfield>
        </datafield>
        <datafield tag="980" ind1=" " ind2=" ">
            <subfield code="a">TESIS</subfield>
        </datafield>
    </record>

    
</collection>